Effect of drought stress on early photo period insensitive rice at reproductive phase,(ឥទ្ធិពលនៃការរំាងស្ងួតទៅលើស្រូវស្រាលមិនប្រកាន់រដូវនៅវគ្គបង្កបង្កើនផល) (Record no. 526)

000 -LEADER
fixed length control field 00647nam a22001577a 4500
003 - CONTROL NUMBER IDENTIFIER
control field OSt
005 - DATE AND TIME OF LATEST TRANSACTION
control field 20150915164115.0
008 - FIXED-LENGTH DATA ELEMENTS--GENERAL INFORMATION
fixed length control field 150915b xxu||||| |||| 00| 0 eng d
040 ## - CATALOGING SOURCE
Transcribing agency RUA
082 ## - DEWEY DECIMAL CLASSIFICATION NUMBER
Classification number AGR LAM 2003 B029 Or.1
100 ## - MAIN ENTRY--PERSONAL NAME
9 (RLIN) 548
Personal name LAM MOYOURITH
245 ## - TITLE STATEMENT
Title Effect of drought stress on early photo period insensitive rice at reproductive phase,(ឥទ្ធិពលនៃការរំាងស្ងួតទៅលើស្រូវស្រាលមិនប្រកាន់រដូវនៅវគ្គបង្កបង្កើនផល)
260 ## - PUBLICATION, DISTRIBUTION, ETC. (IMPRINT)
Place of publication, distribution, etc. phnom penh
Name of publisher, distributor, etc. RUA
Date of publication, distribution, etc. 2003
300 ## - PHYSICAL DESCRIPTION
Extent 42p.
Dimensions ill.
Size of unit 29cm.
942 ## - ADDED ENTRY ELEMENTS (KOHA)
Source of classification or shelving scheme
Koha item type AGR
Holdings
Price effective from Date last seen Permanent Location Not for loan Date acquired Date last checked out Source of classification or shelving scheme Total Checkouts Koha item type Barcode Lost status Damaged status Withdrawn status Current Location Full call number
2015-09-152015-09-15Library Block B 2015-09-15   AGRRUA001624   Library Block BAGR LAM 2003 B029 Or.1
2015-09-152015-09-15Library Block B 2015-09-15   AGRRUA001480   Library Block BAGR LAM 2003 B029 Or.2
2015-09-152018-05-11Library Block B 2015-09-152018-05-07 1AGRRUA001553   Library Block BAGR LAM 2003 B029 Or.3
2015-09-152015-09-15Library Block B 2015-09-15   AGRRUA001191   Library Block BAGR LAM 2003 B029 Or.4
មជ្ឈមណ្ឌលឯការនៃសាកលវិទ្យាល័យភូមិន្ទកសិកម្មចំការដូង

Powered by Koha